Normal view
MARC view
- иммунобиологийн бэлдмэлүүд
Entry Topical Term
001 - CONTROL NUMBER
- control field: 70426
003 - CONTROL NUMBER IDENTIFIER
- control field: OSt
005 - DATE AND TIME OF LATEST TRANSACTION
- control field: 20260331163100.0
008 - FIXED-LENGTH DATA ELEMENTS
- fixed length control field: 260331|| aca||aabn | a|a d
040 ## - CATALOGING SOURCE
- Original cataloging agency: OSt
- Transcribing agency: OSt
150 ## - HEADING--TOPICAL TERM
- Topical term or geographic name entry element: иммунобиологийн бэлдмэлүүд
670 ## - SOURCE DATA FOUND
- Source citation: Work cat.: (OSt)37228: Дармаа, М. зохиогч 70424, Халдварт өвчний тархвар судлал: Сурах бичиг